000 00253nam a22001217a 4500
008 170424b xxu||||| |||| 00| 0 eng d
041 _aeng
080 _a543
100 _a12
101 _aSHM
245 _aGAS ANALYSIS
_cDENNIS, L.M
942 _2udc
_cBK
999 _c11771
_d11771